000 00269nam a2200109Ia 4500
008 190216s9999||||xx |||||||||||||| ||und||
100 _aDr.Seetharaman V
245 2 _aA Text Book Of Algebra
260 _bNational Publishing House
650 _aMathematics
942 _cBK
999 _c30559
_d30559